1527 1957 1281 1237 1957 1236 1555 1164 1207 1757 1064 1808 1816 1986 1908 1095 1371 1865 1141 1416 1251 1611 1247 1854 1586 1273 1422 1902 1716 1531 1016 1059 1678 1041 1026 1918 1109 1083 1303 1811 1548 1540 1166 1207 1328 1506 1363 1733 1489 1861 1232 1792 1306 1698 1813 1499 1593 1329 1480 1641 1274 1153 1712 1680 1661 1716 1318 1234 1383 1233 1441 1556 1771 1793 1422 1058 1580 1334 1098 1492 1554 1653 1715 1496 1819 1294 1462 1294 1735 1483 1520 1854 1754 1391 1201 1612 1089 1628 1151 BCNSPRNW ULIB Ver.6.0+V

เปลี่ยนเป็นภาษาไทย

Change to English
 แสดงรายละเอียดบรรณานุกรม
  กลับหน้าหลัก

Brief Record : Get Marc (ISO 2709) : E-mail record : QR code < ปิดหน้าต่าง
LEADER : 00000nam 2200000uu 4500
001    13399114591
003     ULIB
008    120418s2551||||th 000 0 tha d
020    ^a9789740415831
090    ^aนว.^bพ715ส 2551
100 0  ^aพิมพ์สุรางค์
245 00 ^aสาวร้ายสายลับ ตอน วัยรุ่นเซ็ง/^cพิมพ์สุรางค์
250    ^aพิมพ์ครั้งที่ 1
260    ^aกรุงเทพฯ :^bbluebell,^c2551
300    ^a164 หน้า
710 1  ^abulebell
945    ^p125^l0^i15041
995    ^aกัณชพร
999    ^aใช้งานได้ทุกระบบ
รายการนี้ยังไม่มีแท็ก
คุณยังไม่ได้ล็อกอิน คุณสามารถมีกิจกรรมร่วมกับเว็บไซต์ได้ แต่ต้องล็อกอินก่อน ::
  ล็อกอิน

รายการสื่อสารสนเทศ

ลำดับที่ ประเภท เลขเรียก/บาร์โค้ด สถานที่ สถานะ
1. วิทยาศาสตร์การแพทย์ และสุขภาพ
วิทยาศาสตร์การแพทย์ และสุขภาพ
นว. พ715ส 2551  
  Barcode: 15041
ห้องสมุดวิทยาเขตสวรรค์ประชารักษ์
►นวนิยาย
บนชั้น
  ขอยืม

รายการใกล้เคียง
    ผู้แต่ง [พิมพ์สุรางค์]

BibComment


ยังไม่เคยถูกคอมเมนท์

คอมเมนท์ทรัพยากรรายการนี้
  คอมเมนท์: สาวร้ายสายลับ ตอ..


 Copyright 2026. Bcnsprnw @Library